000 00647nam a2200193Ia 4500
003 GCL
008 140319s9999 xx 000 0 ara d
040 _aGCL /
_cGCL
082 0 4 _a346.4
_bم ح
100 1 _aمحمد المنجى
245 1 0 _aالحيازة : دراسة تأصيلية للحيازة من الناحيتين المدنية والجنائية /
_cمحمد المنجى
260 _a[S.N] :
_bمنشاة المعارف الاسلامية ،
_c1988
300 _a540 ص
490 _aالكتب القانونية
_v0
650 0 4 _aالقانون
650 0 4 _aالحيازة
650 0 4 _aالملكية
942 _2ddc
_cBK
999 _c50446
_d50446